Fundamentals Investments, (Record no. 5530)

MARC details
005 - DATE AND TIME OF LATEST TRANSACTION
control field 20250627074533.0
020 ## - INTERNATIONAL STANDARD BOOK NUMBER
International Standard Book Number 978-0-07-302721-0
082 ## - DEWEY DECIMAL CLASSIFICATION NUMBER
Classification number 332.6(dc22) JOR.
100 ## - MAIN ENTRY--PERSONAL NAME
Author name JORDAN, D. B.
245 ## - TITLE STATEMENT
Title Fundamentals Investments,
250 ## - EDITION STATEMENT
Edition statement 4th Ed.
260 ## - PUBLICATION, DISTRIBUTION, ETC.
Place of publication, distribution, etc. New York,
Name of publisher, distributor, etc. Mc Graw Hill Companies,
Date of publication, distribution, etc. 2010.
300 ## - PHYSICAL DESCRIPTION
Extent xxxvii.; 708p.; Ill.; picture,
Other physical details Index,
Dimensions 25.5cm.
700 ## - ADDED ENTRY--PERSONAL NAME
Other authors/Editors MILLER, W. T.
942 ## - ADDED ENTRY ELEMENTS (KOHA)
Source of classification or shelving scheme Dewey Decimal Classification
Koha item type Books
Holdings
Date last seen Total checkouts Full call number Barcode Cost, replacement price Price effective from Koha item type Lost status Source of classification or shelving scheme Damaged status Not for loan Withdrawn status Home library Current library Shelving location Date acquired Cost, normal purchase price
06/27/2025   332.6(dc22) JOR. DOM0002568 255000.00 06/27/2025 Books   Dewey Decimal Classification       CBE Dodoma CBE Dodoma General Collection 11/09/2010 85000.00
06/27/2025   332.6(dc22) JOR. DOM0002569 255000.00 06/27/2025 Books   Dewey Decimal Classification       CBE Dodoma CBE Dodoma General Collection 06/27/2025 85000.00